| 000 | 00370nam a22001337a 4500 | ||
|---|---|---|---|
| 082 |
_a891.4394 _bMUK _cL-32, P-67 |
||
| 100 |
_aMukhtar Masoud _946064 |
||
| 245 | _aAwaz-e-Dost | ||
| 260 |
_aRawalpindi: _bPep Board Printers (Pvt) Ltd, Rawalpindi, _cc1988 |
||
| 300 |
_a245p,; _c16cm |
||
| 526 |
_a0 _b0 _c0 _d891_439400000000000_MUK |
||
| 650 |
_aMCE _9379 |
||
| 942 |
_2ddc _cBK |
||
| 999 |
_c549409 _d549409 |
||